[Event "Frauenbundesliga 2021-22"]
[Site "Germany"]
[Date "2022.05.25"]
[Round "9.22"]
[White "Germann, Heike"]
[Black "Otikova, Elina"]
[Result "1/2-1/2"]
[WhiteElo "1997"]
[BlackElo "2090"]
[Annotator "TA"]
[PlyCount "90"]
[EventDate "2021.11.26"]
[EventType "team-tourn"]
[EventCountry "GER"]
[SourceTitle "playchess.com"]
[Source "ChessBase"]
[SourceQuality "1"]
[WhiteTeam "Leipzig"]
[BlackTeam "Loeberitz"]
[WhiteTeamCountry "GER"]
[BlackTeamCountry "LAT"]
[TimeControl "40/5400+30:1800+30"]

{[%evp 11,90,27,27,25,39,25,17,16,18,0,0,-6,4,0,0,0,2,-8,-14,-14,-13,-18,-22,-23,-11,-17,-19,-61,-55,-41,-56,-52,-52,-51,-16,-122,-21,-20,-24,-31,-20,-22,-16,-19,-17,-16,-17,-29,-2,-27,-7,-16,-15,-28,-33,-26,-12,-18,-6,-5,-3,-7,0,0,0,0,0,-6,0,0,0,0,0,-5,0,0,0,-4,0,-13,0]} 1. d4 {[%emt 0:00:01]} Nf6 {[%emt 0:00:14]} 2. c4 {[%emt 0:00:03]} e6 {[%emt 0:00:20]} 3. Nc3 {[%emt 0:00:08]} d5 {[%emt 0:01:10]} 4. Bg5 {[%emt 0:00:05]} Bb4 {[%emt 0:01:26]} 5. e3 {[%emt 0:00:41]} h6 {[%emt 0:01:05]} 6. Bh4 {[%emt 0:00:14]} O-O {[%emt 0:01:31]} 7. Nf3 {[%emt 0:00:56] E30: Nimzo-Indian: Leningrad Variation.} Nbd7 {[%emt 0:04:13]} 8. Bd3 {[%emt 0:04:28]} dxc4 {[%emt 0:05:10]} 9. Bxc4 {[%emt 0:00:07]} c5 {[%emt 0:06:37]} 10. Rc1 {[%emt 0:18:12]} a6 {[%emt 0:06:13]} 11. dxc5 {[%emt 0:03:51]} Bxc5 {[%emt 0:06:12]} 12. O-O {[%emt 0:00:49]} b5 {[%emt 0:00:18]} 13. Bd3 {[%emt 0:05:03] [#]} Bb7 $146 {[%emt 0:04:48] [#]} ({Predecessor:} 13... Qb6 14. Ne4 Be7 15. Nxf6+ Nxf6 16. Ne5 g5 17. Nc6 Bc5 18. Qf3 Kg7 19. b4 Bd6 {1-0 (32) Danisova,D-Palkova,H (2055) Frenstat 1989}) 14. Be4 $1 {[%emt 0:05:58]} Qb6 {[%emt 0:02:22]} 15. Bxb7 {[%emt 0:02:28]} Qxb7 {[%emt 0:00:06]} 16. Qe2 {[%emt 0:03:58]} Rac8 {[%emt 0:04:36]} 17. Rfd1 {[%emt 0:02:21]} Rc6 {[%emt 0:01:42]} 18. Rc2 {[%emt 0:10:56]} Rfc8 {[%emt 0:03:06]} 19. Rcd2 {[%emt 0:21:13]} Bb4 {[%emt 0:04:08]} 20. Bxf6 {[%emt 0:00:21]} Nxf6 {[%emt 0:00:09]} 21. Rd8+ {[%emt 0:00:14]} Rxd8 {[%emt 0:01:51]} 22. Rxd8+ {[%emt 0:00:02]} Bf8 {[%emt 0:01:27][%cal Bb4f8,Bf8d6,Bd6c7][%mdl 32]} 23. Ne5 {[%emt 0:08:10] [#]} (23. Nd4 $11 {remains equal.} Rd6 24. Rxd6 Bxd6 25. g3) 23... Rd6 {[%emt 0:03:30]} ({Black should play} 23... Rxc3 $1 $17 {[%mdl 512]} 24. bxc3 Qc7 25. Nxf7 Kxf7) 24. Rxd6 $11 {[%emt 0:01:17]} Bxd6 {[%emt 0:00:07]} 25. Nf3 {[%emt 0:02:47]} Qc6 {[%emt 0:15:04]} 26. Qd1 {[%emt 0:03:22]} Bc7 {[%emt 0:03:03]} 27. Ne2 {[%emt 0:01:15]} Qc4 {[%emt 0:01:53]} 28. b3 {[%emt 0:00:51]} Qc5 {[%emt 0:01:07]} 29. Qc1 {[%emt 0:00:44]} Qd6 {[%emt 0:05:57]} 30. Qd2 {[%emt 0:01:25]} Nd5 {[%emt 0:03:44]} 31. Kf1 {[%emt 0:01:20]} Qc5 {[%emt 0:02:17]} 32. Qc1 {[%emt 0:00:55]} Qxc1+ {[%emt 0:01:20]} 33. Nxc1 {[%emt 0:00:01][%mdl 4096] Endgame KBN-KNN} Nc3 {[%emt 0:00:35]} 34. Nd4 {[%emt 0:00:46] The position is equal.} Bd6 {[%emt 0:01:16]} (34... Bxh2 35. g3 $16) 35. Nde2 {[%emt 0:00:24]} Nd5 {[%emt 0:03:42]} 36. Nd3 {[%emt 0:00:59]} Kf8 {[%emt 0:01:07]} ({But not} 36... Bxh2 37. g3 $16) 37. e4 {[%emt 0:00:39]} Nb4 {[%emt 0:00:56]} 38. Nxb4 {[%emt 0:00:11]} Bxb4 {[%emt 0:00:01] KB-KN} 39. Nd4 {[%emt 0:00:52]} Bc3 {[%emt 0:00:43]} 40. Nc2 {[%emt 0:00:12]} Ke7 {[%emt 0:00:55]} 41. Ke2 {[%emt 0:30:03]} Kd6 {[%emt 0:31:54]} 42. Kd3 {[%emt 0:00:38]} Bb2 {[%emt 0:00:00]} 43. Nd4 {[%emt 0:00:00]} Kc5 {[%emt 0:00:00]} 44. Nc2 {[%emt 0:00:00]} a5 {[%emt 0:00:00]} 45. f3 {[%emt 0:00:00]} h5 {[%emt 0:00:00] Weighted Error Value: White=0.11 (very precise) /Black=0.09 (flawless)} 1/2-1/2

[Event "Frauenbundesliga 2021-22"]
[Site "Germany"]
[Date "2022.05.25"]
[Round "9.23"]
[White "Naumann, Nadine"]
[Black "Just, Anita"]
[Result "*"]
[WhiteElo "1951"]
[BlackElo "1895"]
[Annotator "TA"]
[PlyCount "25"]
[EventDate "2021.11.26"]
[EventType "team-tourn"]
[EventCountry "GER"]
[SourceTitle "playchess.com"]
[Source "ChessBase"]
[SourceQuality "1"]
[WhiteTeam "Loeberitz"]
[BlackTeam "Leipzig"]
[WhiteTeamCountry "GER"]
[BlackTeamCountry "GER"]
[TimeControl "40/5400+30:1800+30"]

{[%evp 4,4,24]} 1. e4 {[%emt 0:00:05]} e6 {[%emt 0:00:05]} 2. d4 {[%emt 0:00:22]} d5 {[%emt 0:00:06] An uneventful encounter.} {Predecessor:} 3. Nc3 Nc6 4. e5 f6 5. Bb5 Qd7 6. Nf3 {C10: French with 3 Nc3: Unusual Black 3rd moves and 3...dxe4.} a6 7. Bxc6 Qxc6 8. O-O Ne7 9. exf6 gxf6 10. Nh4 h5 11. Qf3 Bg7 12. b3 e5 13. Ba3 {½-½ (37) Mamedyarov,S (2759)-Rapport,R (2776) Bucharest 2022} *

[Event "Frauenbundesliga 2021-22"]
[Site "Germany"]
[Date "2022.05.25"]
[Round "9.25"]
[White "Sieber, Fiona"]
[Black "Cosma, Elena-Luminita"]
[Result "1/2-1/2"]
[WhiteElo "2264"]
[BlackElo "2277"]
[Annotator "TA"]
[PlyCount "86"]
[EventDate "2021.11.26"]
[EventType "team-tourn"]
[EventCountry "GER"]
[SourceTitle "playchess.com"]
[Source "ChessBase"]
[SourceQuality "1"]
[WhiteTeam "SK Lehrte"]
[BlackTeam "SV Hemer 1932"]
[WhiteTeamCountry "GER"]
[BlackTeamCountry "ROU"]
[TimeControl "40/5400+30:1800+30"]

{[%evp 18,86,31,10,16,9,11,19,24,22,23,30,31,18,32,21,56,50,68,39,41,0,35,41,55,64,45,43,45,40,39,45,49,41,50,42,33,37,42,37,42,49,44,41,38,38,46,35,49,0,12,0,0,0,83,6,83,23,66,56,56,56,69,0,0,0,4,0,0,0,0]} 1. e4 {[%emt 0:00:02] Caruana,F} e6 {[%emt 0:00:10]} 2. d4 {[%emt 0:00:04]} d5 {[%emt 0:00:05]} 3. Nd2 {[%emt 0:00:04]} c5 {[%emt 0:00:11]} 4. Ngf3 {[%emt 0:00:07]} Nc6 {[%emt 0:01:31]} 5. exd5 {[%emt 0:00:09]} exd5 {[%emt 0:00:05]} 6. Bb5 {[%emt 0:00:07]} cxd4 {[%emt 0:00:21]} 7. O-O {[%emt 0:00:32]} Bd6 {[%emt 0:00:14]} 8. Nb3 {[%emt 0:01:15]} Nge7 {[%emt 0:01:24]} 9. Nbxd4 {[%emt 0:01:10]} O-O {[%emt 0:00:14]} 10. h3 {[%emt 0:00:59]} a6 {[%emt 0:06:38] [#] White must now prevent ...Nxd4. C09: French Tarrasch: 3...c5 4 exd5 exd5 5 Ngf3 Nc6.} 11. Bd3 {[%emt 0:03:39]} Nxd4 {[%emt 0:13:04]} 12. Nxd4 {[%emt 0:00:06]} Re8 {[%emt 0:00:07]} 13. c3 {[%emt 0:17:22]} Nc6 {[%emt 0:04:29]} 14. Nf3 {[%emt 0:01:10] [#]} Ne5 $146 {[%emt 0:30:15]} ({Predecessor:} 14... Bc7 15. Bg5 Qd6 16. Bh4 Qh6 17. Bc2 Be6 18. Bg3 Bxg3 19. fxg3 Rad8 20. Qd3 g6 {1-0 (59) Caruana,F (2709)-Short,N (2680) Reggio Emilia 2010 CBM 140 [Caruana,F]}) 15. Nxe5 {[%emt 0:02:00]} Bxe5 {[%emt 0:00:14]} 16. Re1 {[%emt 0:19:34][%cal Od3h7]} Bd6 {[%emt 0:18:24]} 17. Be3 {[%emt 0:01:35]} Be6 {[%emt 0:06:19]} 18. Qh5 {[%emt 0:09:11]} g6 {[%emt 0:00:26]} 19. Qh6 {[%emt 0:00:25]} Bf8 {[%emt 0:00:35]} (19... Be5 $5 {[%cal Rd5d4]}) 20. Qf4 {[%emt 0:00:15]} Bd6 {[%emt 0:02:45]} 21. Qd4 {[%emt 0:02:43]} Bf8 {[%emt 0:02:10]} 22. Bf4 {[%emt 0:00:58]} Bg7 {[%emt 0:01:42]} 23. Be5 {[%emt 0:00:17]} f6 {[%emt 0:01:40]} 24. Bf4 {[%emt 0:00:23]} Qd7 {[%emt 0:03:00]} 25. Bc2 {[%emt 0:01:22]} Bf7 {[%emt 0:01:16]} 26. Bb3 {[%emt 0:03:55]} f5 {[%emt 0:02:47]} 27. Be5 {[%emt 0:07:50]} Bxe5 {[%emt 0:00:31]} 28. Rxe5 {[%emt 0:00:06]} Rxe5 {[%emt 0:00:03]} 29. Qxe5 {[%emt 0:00:04]} Re8 {[%emt 0:00:04]} 30. Qd4 {[%emt 0:01:13]} Re4 {[%emt 0:00:29]} 31. Qd2 {[%emt 0:11:50]} Qe6 {[%emt 0:00:41]} 32. Rd1 {[%emt 0:03:20][%cal Rb3d5]} Re2 {[%emt 0:01:25]} 33. Qd4 {[%emt 0:00:27]} (33. Qc1 $14) 33... Re1+ {[%emt 0:01:51]} 34. Rxe1 {[%emt 0:01:07]} Qxe1+ $11 {[%emt 0:00:02][%mdl 4096] Endgame KQB-KQB} 35. Kh2 {[%emt 0:00:01]} Qe6 {[%emt 0:00:04]} (35... Qc1 $11 {keeps the balance.}) 36. h4 {[%emt 0:01:21] White is more active.} (36. Qd2 $16) 36... h6 {[%emt 0:00:09]} (36... Qe2 $11 {remains equal.}) 37. g3 {[%emt 0:06:05]} ({Better is} 37. Qd2 $16) 37... g5 {[%emt 0:00:21]} 38. hxg5 {[%emt 0:02:57]} hxg5 {[%emt 0:00:04]} 39. Qd2 {[%emt 0:00:35]} f4 $1 {[%emt 0:03:21]} 40. Kg1 {[%emt 0:03:30]} ({White should try} 40. gxf4 $14 Qh6+ 41. Kg1) 40... Qe5 {[%emt 0:00:48] The position is equal.} 41. Qd3 {[%emt 0:08:19]} fxg3 {[%emt 0:04:52]} 42. Qxg3 {[%emt 0:04:29]} Qxg3+ {[%emt 0:04:53]} 43. fxg3 {[%emt 0:00:04]} Kg7 {[%emt 0:00:07] Weighted Error Value: White=0.17 (very precise) /Black=0.16 (very precise)} 1/2-1/2

[Event "Frauenbundesliga 2021-22"]
[Site "Germany"]
[Date "2022.05.25"]
[Round "9.26"]
[White "Voicu-Jagodzinsky, Carmen"]
[Black "Newrkla, Katharina"]
[Result "0-1"]
[WhiteElo "2291"]
[BlackElo "2232"]
[Annotator "TA"]
[PlyCount "154"]
[EventDate "2021.11.26"]
[EventType "team-tourn"]
[EventCountry "GER"]
[SourceTitle "playchess.com"]
[Source "ChessBase"]
[SourceQuality "1"]
[WhiteTeam "SV Hemer 1932"]
[BlackTeam "SK Lehrte"]
[WhiteTeamCountry "ROU"]
[BlackTeamCountry "AUT"]
[TimeControl "40/5400+30:1800+30"]

{[%evp 14,153,8,0,0,0,0,7,26,0,21,0,18,16,12,15,24,0,0,0,25,15,34,34,24,35,22,29,22,26,30,30,53,36,35,0,0,0,62,55,55,-8,-8,-8,-7,-8,-8,-8,-8,-8,-8,-4,0,-9,-8,-8,-7,-22,-20,-124,-79,-196,-78,-83,-18,-278,-275,-264,-269,-255,-27,-26,-25,-20,-31,-137,-20,-10,-16,-11,0,0,0,-960,-948,-917,0,0,0,-356,-368,-312,-183,-29975,-29976,-29978,724,-29979,-29980,-29980,-29981,-29981,-29982,-29980,-29976,-29977,-29978,-29978,-29980,-29979,-29979,-29986,-29972,-29986,-29987,-29989,-29988,-29988,-29989,-29989,-29987,-29987,-29988,-29988,-29989,-29989,-29990,-29993,-29993,-29993,-29994,-29995,-29996,-29997,-29998,-29998,-29997,-29997,-29998,-29998,-29999,-29999]} 1. e4 {[%emt 0:00:02]} c5 {[%emt 0:00:04]} 2. Nf3 {[%emt 0:00:04]} d6 {[%emt 0:00:04]} 3. d4 {[%emt 0:00:06]} cxd4 {[%emt 0:00:05]} 4. Qxd4 {[%emt 0:00:04]} Nc6 {[%emt 0:00:09]} 5. Bb5 {[%emt 0:00:15]} Bd7 {[%emt 0:00:24]} 6. Bxc6 {[%emt 0:00:20]} Bxc6 {[%emt 0:00:07]} 7. c4 {[%emt 0:00:06]} f5 {[%emt 0:04:45]} 8. exf5 {[%emt 0:00:09] Qd3 is the strong threat.} Qa5+ {[%emt 0:00:10] B53: Sicilian: 2...d6: Lines with Qxd4.} 9. Nbd2 {[%emt 0:00:37]} Qxf5 {[%emt 0:00:15]} 10. O-O {[%emt 0:00:39]} e5 $1 {[%emt 0:01:01] The position is equal.} 11. Re1 {[%emt 0:03:53][%cal Rf3e5] aiming for Nxe5!} Be7 {[%emt 0:04:22]} 12. Qe3 {[%emt 0:00:58][%cal Oc4c5]} Nf6 {[%emt 0:03:29] [#]} 13. Nd4 $1 {[%emt 0:06:36]} Qh5 {[%emt 0:08:34]} 14. Nxc6 {[%emt 0:02:39]} bxc6 {[%emt 0:00:05]} 15. h3 {[%emt 0:12:21]} O-O {[%emt 0:07:25] [#]} 16. b3 $146 {[%emt 0:03:57]} ({Predecessor:} 16. Nf3 Nd7 17. Bd2 Rf7 18. Qe4 Rc8 19. b4 Nf6 20. Qe3 Bf8 21. a3 Rd7 22. Bc3 {0-1 (49) Vinella,M (1732)-Lopez Falcon,J (2117) Montevideo 2018}) 16... Bd8 {[%emt 0:17:00]} 17. Ba3 {[%emt 0:02:10]} Bb6 {[%emt 0:04:31]} 18. c5 $1 {[%emt 0:03:47]} Nd5 {[%emt 0:08:10][%cal Bf6d5,Bd5f4,Bf4d3][%mdl 32]} 19. Qe2 {[%emt 0:10:28]} Qxe2 {[%emt 0:00:37]} 20. Rxe2 {[%emt 0:00:03]} Nf4 {[%emt 0:03:28]} 21. Re3 {[%emt 0:04:49]} dxc5 {[%emt 0:05:00]} 22. Nc4 {[%emt 0:02:30]} Rad8 {[%emt 0:02:19]} 23. Rxe5 {[%emt 0:06:41]} (23. Nxe5 Rd2 $11) (23. Bb2 $5 {[%cal Rb2e5]}) 23... Rd5 {[%emt 0:03:28]} 24. Bb2 {[%emt 0:11:28]} Nd3 {[%emt 0:07:15]} 25. Re2 {[%emt 0:01:03]} Bd8 {[%emt 0:11:46]} (25... Nf4 $1 $11 26. Re4 (26. Re7 Rg5 $11) 26... Nd3) 26. g3 $14 {[%emt 0:03:18]} h5 {[%emt 0:01:03]} 27. Ne3 {[%emt 0:13:33]} ({Better is} 27. h4 $14) 27... Nxb2 $11 {[%emt 0:02:22]} 28. Nxd5 {[%emt 0:00:50]} cxd5 {[%emt 0:00:07]} 29. Rxb2 {[%emt 0:00:06][%mdl 4096] Endgame Hoping for Re2. KRR-KRB} Bf6 {[%emt 0:00:04]} 30. Rab1 {[%emt 0:00:05]} Bxb2 {[%emt 0:00:31]} 31. Rxb2 {[%emt 0:00:01] KR-KR} Kf7 {[%emt 0:00:42]} 32. Re2 {[%emt 0:05:08]} Re8 {[%emt 0:03:35] Against Re5} 33. Rc2 {[%emt 0:02:18]} Rc8 {[%emt 0:00:06]} 34. f4 {[%emt 0:00:14]} Ke6 {[%emt 0:00:49]} 35. Kf2 {[%emt 0:00:02]} Kd6 {[%emt 0:00:53]} 36. Ke3 {[%emt 0:03:26]} (36. Re2 $11) 36... Re8+ {[%emt 0:00:16]} 37. Kd3 {[%emt 0:00:49]} (37. Kd2 $17 {was called for.}) 37... Re1 {[%emt 0:01:09]} (37... d4 $1 $19 {is more deadly. Threatens to win with ...Re3+.} 38. Re2 Rxe2 39. Kxe2 Kd5) 38. Rg2 $17 {[%emt 0:02:07]} a5 {[%emt 0:00:46] Black is more active.} (38... Rf1 $17) 39. g4 $2 {[%emt 0:00:09][%mdl 8192]} (39. h4 $1 $11 {and White is okay.}) 39... h4 $1 $19 {[%emt 0:00:36]} 40. Re2 {[%emt 0:00:47]} Rd1+ {[%emt 0:01:09]} 41. Kc2 {[%emt 0:30:40]} Rf1 {[%emt 0:31:20]} ({And not} 41... Rh1 42. f5 $17) (41... Ra1 $19 42. Kd3 Rd1+ 43. Kc2 Rh1) 42. f5 $11 {[%emt 0:00:06]} d4 {[%emt 0:00:00][%cal Oa5a4]} 43. Re6+ {[%emt 0:00:00]} Kd5 {[%emt 0:00:00] Strongly threatening ...Rf2+.} 44. Rg6 {[%emt 0:00:00]} (44. Re7 $15) 44... a4 {[%emt 0:00:00]} (44... Rf2+ $17 45. Kd1 a4 46. Rxg7 Rf3) 45. Rxg7 {[%emt 0:00:00]} Rf2+ {[%emt 0:00:00]} 46. Kd1 $1 {[%emt 0:00:00]} Rxa2 {[%emt 0:00:00]} 47. bxa4 {[%emt 0:00:00]} c4 {[%emt 0:00:00]} 48. Rd7+ $2 {[%emt 0:00:00][%mdl 8192] [#]} (48. f6 $11 Kd6 49. g5) 48... Ke4 $1 $19 {[%emt 0:00:00] ( -> ...c3)} ({Not} 48... Ke5 49. Re7+ Kf6 50. Re4 $11) 49. f6 {[%emt 0:00:00] [#]} Ra1+ $2 {[%emt 0:02:19]} (49... Kd3 $1 $19 {[%cal Ra2a1]} 50. Ke1 c3) 50. Kc2 {[%emt 0:00:00]} Ra2+ {[%emt 0:00:41]} 51. Kb1 $2 {[%emt 0:00:00][%mdl 8192] Black continues to play with concentration.} (51. Kd1 $1 $11) 51... Rf2 {[%emt 0:00:06]} 52. f7 {[%emt 0:00:00]} d3 {[%emt 0:01:55]} (52... c3 $142 {White must now prevent ...d3.} 53. Rc7 d3 54. Rxc3 Rxf7) 53. g5 $2 {[%emt 0:00:00]} (53. Rc7 $19 c3 54. Rxc3) 53... c3 {[%emt 0:00:12]} 54. g6 {[%emt 0:02:03]} Rf1+ {[%emt 0:00:24]} 55. Ka2 {[%emt 0:00:08]} c2 {[%emt 0:00:16] Black mates.} 56. Re7+ {[%emt 0:02:00]} Kd5 {[%emt 0:00:41]} 57. Re1 {[%emt 0:03:09]} Rxe1 {[%emt 0:00:44]} 58. f8=Q {[%emt 0:00:04]} c1=Q {[%emt 0:00:30]} 59. Qd8+ {[%emt 0:00:55]} Ke4 {[%emt 0:00:18]} 60. Qxh4+ {[%emt 0:00:26]} Kf3 {[%emt 0:00:53]} 61. Qg4+ {[%emt 0:01:09]} Kf2 {[%emt 0:00:39]} 62. Qh4+ {[%emt 0:00:20]} Ke2 {[%emt 0:00:17]} 63. Qg4+ {[%emt 0:00:46]} Kd2 {[%emt 0:00:12]} 64. Qg5+ {[%emt 0:00:24]} Kd1 {[%emt 0:01:07]} 65. Qg4+ {[%emt 0:00:18]} Re2+ {[%emt 0:00:30]} 66. Kb3 {[%emt 0:00:03]} Qc2+ {[%emt 0:00:48]} 67. Kb4 {[%emt 0:00:24]} Qb2+ {[%emt 0:00:46]} 68. Kc5 {[%emt 0:00:18]} Qc3+ {[%emt 0:00:18]} 69. Kd6 {[%emt 0:00:20]} Kc1 {[%emt 0:00:41]} 70. g7 {[%emt 0:00:30]} Qf6+ {[%emt 0:00:20]} 71. Kc5 {[%emt 0:00:14]} Qe5+ {[%emt 0:00:23]} 72. Kc6 {[%emt 0:01:25]} Rc2+ {[%emt 0:00:44]} 73. Kb6 {[%emt 0:00:01]} Qc7+ {[%emt 0:00:25]} 74. Kb5 {[%emt 0:00:13]} Qc6+ {[%emt 0:00:16]} 75. Ka5 {[%emt 0:00:15]} Rc5+ {[%emt 0:00:50]} 76. Kb4 {[%emt 0:00:01]} Qb6+ {[%emt 0:00:07]} 77. Ka3 {[%emt 0:00:03]} Qb2# {[%emt 0:00:04] Weighted Error Value: White=0.55/Black=0.30} 0-1

[Event "Frauenbundesliga 2021-22"]
[Site "Germany"]
[Date "2022.05.25"]
[Round "9.27"]
[White "Duessler, Stefanie"]
[Black "Ciolacu, Alessia-Mihaela"]
[Result "*"]
[WhiteElo "2110"]
[BlackElo "2198"]
[Annotator "TA RC"]
[PlyCount "105"]
[EventDate "2021.11.26"]
[EventType "team-tourn"]
[EventCountry "GER"]
[SourceTitle "playchess.com"]
[Source "ChessBase"]
[SourceQuality "1"]
[WhiteTeam "SK Lehrte"]
[BlackTeam "SV Hemer 1932"]
[WhiteTeamCountry "GER"]
[BlackTeamCountry "ROU"]
[TimeControl "40/5400+30:1800+30"]

{[%evp 17,105,-14,-14,-19,-19,-24,20,22,40,29,43,28,28,35,47,27,65,69,58,59,70,53,79,51,44,57,57,40,53,33,27,17,43,39,39,16,46,16,16,16,16,16,41,0,23,16,123,135,214,204,187,127,149,144,252,270,288,289,270,245,237,243,250,250,368,361,454,454,454,428,425,387,360,237,237,237,280,0,206,202,430,411,455,333,310,276,2374,2171,1582,1597]} 1. e4 {[%emt 0:00:04]} e5 {[%emt 0:00:07]} 2. Nf3 {[%emt 0:00:05]} Nc6 {[%emt 0:00:04]} 3. Bb5 {[%emt 0:00:04]} Nf6 {[%emt 0:00:05]} 4. O-O {[%emt 0:00:08]} Nxe4 {[%emt 0:00:05]} 5. d4 {[%emt 0:00:23]} Be7 {[%emt 0:00:09]} 6. Re1 {[%emt 0:06:39]} Nd6 {[%emt 0:00:07]} 7. Bxc6 {[%emt 0:00:50]} dxc6 {[%emt 0:00:06]} 8. dxe5 {[%emt 0:00:07]} Nf5 {[%emt 0:00:14]} 9. Qxd8+ {[%emt 0:00:49]} Bxd8 {[%emt 0:00:05]} 10. Nc3 {[%emt 0:02:07][%cal Bb1c3,Bc3e4,Be4f6][%mdl 32] C67: Ruy Lopez: Berlin Defence: 4 0-0 Nxe4.} h6 {[%emt 0:02:40]} 11. Ne4 {[%emt 0:01:28] [#]} g5 $146 {[%emt 0:17:12]} ({Predecessor:} 11... Be6 12. Nc5 b6 13. Nxe6 fxe6 14. g3 Rf8 15. Kg2 Be7 16. Rd1 Rd8 17. Rxd8+ Bxd8 {1-0 (31) Frenkel,A (1806)-Harman,K (1371) ICCF email 2021}) 12. h3 {[%emt 0:01:08] The position is equal.} Be7 {[%emt 0:01:03]} 13. Nf6+ {[%emt 0:08:13]} Kf8 {[%emt 0:00:41]} 14. Bd2 {[%emt 0:01:24]} c5 {[%emt 0:20:43]} 15. Bc3 {[%emt 0:03:07]} Be6 {[%emt 0:00:42] Against Nd5} 16. Rad1 {[%emt 0:11:06]} ({Don't do} 16. g4 Nd4 17. Bxd4 (17. Nxd4 cxd4 18. Bxd4 Kg7 $16) 17... cxd4 $16) 16... c6 {[%emt 0:26:10]} 17. b3 {[%emt 0:06:18]} Ng7 {[%emt 0:02:24][%cal Bf5g7,Bg7e8,Be8c7,Bc7d5,Bd5f4][%mdl 32]} 18. Nd2 {[%emt 0:05:31]} b6 {[%emt 0:22:51]} 19. Nde4 {[%emt 0:03:20]} Ne8 {[%emt 0:00:35]} 20. Rd2 {[%emt 0:06:14] White is much more active.} (20. Bb2 {looks sharper.} Kg7 21. g4 Kg6 22. f4) 20... Nc7 {[%emt 0:01:56]} 21. Bb2 {[%emt 0:00:43]} Nd5 {[%emt 0:00:17]} 22. c4 {[%emt 0:00:53]} Nf4 {[%emt 0:00:07]} 23. Red1 {[%emt 0:07:41][%cal Od2d6]} Kg7 {[%emt 0:00:07]} 24. Kh2 {[%emt 0:02:37]} Rhd8 {[%emt 0:01:08]} 25. Nd6 {[%emt 0:03:00]} Kg6 {[%emt 0:00:58]} 26. Nfe4 {[%emt 0:04:56] Pair of Knights!} h5 {[%emt 0:00:29]} 27. Bc1 {[%emt 0:06:07][%cal Oh3h4]} (27. h4 $5) 27... h4 {[%emt 0:01:07]} 28. f3 {[%emt 0:01:36]} Nh5 {[%emt 0:00:14]} 29. Rd3 {[%emt 0:06:25]} Ng7 {[%emt 0:01:49]} 30. Kg1 {[%emt 0:05:40]} Nh5 {[%emt 0:00:12]} 31. Kf2 {[%emt 0:00:17]} f6 {[%emt 0:00:42]} (31... a5 $11) 32. exf6 $16 {[%emt 0:00:49]} Bxf6 {[%emt 0:00:01]} (32... Nxf6 $16 33. Nxg5 Bd5) 33. Nxf6 $18 {[%emt 0:02:03]} Nxf6 {[%emt 0:00:02] [#]} 34. Bb2 {[%emt 0:00:08]} (34. Re3 $1 $18 {[%cal Re3e6]} Bf7 35. Ree1) 34... Nh5 {[%emt 0:01:16]} 35. Ne4 {[%emt 0:00:42]} Re8 {[%emt 0:00:46]} (35... Rxd3 $16 {was called for.} 36. Rxd3 Rc8) 36. Rd6 {[%emt 0:00:13]} Rac8 {[%emt 0:00:21]} 37. Bc1 {[%emt 0:01:32]} Nf4 {[%emt 0:00:27]} 38. Re1 {[%emt 0:01:29]} Rcd8 {[%emt 0:00:50]} 39. Bxf4 {[%emt 0:01:24]} gxf4 {[%emt 0:00:08]} 40. Rxc6 {[%emt 0:00:10] Threatens to win with Nd6.} Re7 {[%emt 0:00:57] [#]} (40... Rc8 $142 41. Rd6 Rcd8) 41. Nxc5 $1 {[%emt 0:12:17][%mdl 512]} Rd2+ {[%emt 0:02:03]} (41... bxc5 42. Rexe6+) 42. Kf1 {[%emt 0:01:04]} bxc5 {[%emt 0:00:13]} 43. Rcxe6+ {[%emt 0:00:16]} Rxe6 {[%emt 0:00:05]} 44. Rxe6+ {[%emt 0:00:04][%mdl 4096] Endgame KR-KR} Kf5 {[%emt 0:00:13]} 45. Re2 {[%emt 0:00:09]} Rd1+ {[%emt 0:00:31]} 46. Kf2 {[%emt 0:00:06]} a5 {[%emt 0:00:42]} 47. Rc2 $2 {[%emt 0:00:57]} (47. a4 $18) 47... Rb1 $2 {[%emt 0:03:40]} (47... Ke5 $1 $11) 48. Ke2 {[%emt 0:01:13]} Ke5 $2 {[%emt 0:04:11]} (48... a4 49. bxa4 Rb4) 49. Kd3 {[%emt 0:03:58]} Rd1+ {[%emt 0:00:05]} 50. Kc3 {[%emt 0:00:16]} Re1 {[%emt 0:01:25]} 51. Rd2 {[%emt 0:00:15]} Rc1+ $2 {[%emt 0:05:16]} (51... Kf6 52. Kb2 a4 53. bxa4 Re6) 52. Kb2 {[%emt 0:00:24]} Re1 {[%emt 0:00:07]} 53. Ka3 {[%emt 0:00:19] Weighted Error Value: White=0.21 (precise) /Black=0.39} *